000 00837cam a2200253 a 4500
005 20240911063733.0
008 191105s1992 mx fr 000 e spa d
020 _a9682946999
020 _a9700504387
035 _aUPN01000233889
040 _aMX-MxUPN
_bspa
_cMX-MxUPN
050 1 4 _aHN110.5 A8
_bJ6.3
100 1 _aBrunner Ried, José Joaquín,
_d1944-
_931776
245 1 0 _aAmérica Latina :
_bcultura y modernidad /
_cJosé Joaquín Brunner.
260 _aMéxico :
_bConsejo Nacional para la Cultura y las Artes :
_bGrijalbo,
_c1992.
300 _a403 páginas
490 _aClaves de América Latina
650 1 4 _944453
_aModernidad
_zAmérica Latina
650 2 _912729
_aCultura
_zAmérica Latina
651 1 2 _aAmérica Latina
_xCondiciones sociales
_92836
905 _aLibro
942 _2lcc
_cLIBRO
999 _c205984
_d205984